000 00629aas a2200217 4500
999 _c3915
_d3915
003 BR-BrBNA
005 20230317233934.0
007 ta
008 230119b bl ||||| |||| 00| 0 por d
035 _a000485-5
040 _aBR-BrBNA
_bPor
_cBR-BrBNA
042 _aN
044 _abl
245 _aUsineiro (Brazil)
260 _aSão Paulo-SP
_bEditora Terra Ltda.
_c1986
_eBSP
270 _aAv. Preste Maia, 241 - Caixa Postal, 9761 -Cep: 01031-São Paulo-SP
310 _airregular
505 _a1986 2(3,mar); 1987 2(8-10); 1988 3(11-15); 1989 4(17-19); 1990 4(20); 1991 4(21-22);
909 _a56
_bSergio Santos
_c56
_dSergio Santos
942 _cCR
_2AGRIS